Loading...
Farmers of India V.4.Madya Pradesh, Rajasthan, gujarat, Maharastra
| Main Author: | |
|---|---|
| Format: | Printed Book |
| Language: | Undetermined English |
| Published: |
New Delhi
ICAR
1968
|
| Subjects: |
| LEADER | 00574nam a2200169Ia 4500 | ||
|---|---|---|---|
| 008 | 140306s9999 xx 000 0 und d | ||
| 041 | |a eng | ||
| 082 | |a 302.2 |b RAN/FA | ||
| 100 | |a Randhawa, M S | ||
| 245 | |a Farmers of India V.4.Madya Pradesh, Rajasthan, gujarat, Maharastra | ||
| 260 | |a New Delhi |b ICAR |c 1968 | ||
| 300 | |a 317 | ||
| 365 | |b Rs .28.00 | ||
| 650 | |a Rural development | ||
| 942 | |2 ddc |c BK | ||
| 999 | |c 111356 |d 111356 | ||
| 952 | |0 0 |1 0 |2 ddc |4 0 |6 302_200000000000000_RANFA |7 0 |9 108990 |a KAUHCV |b KAUHCV |d 2004-04-03 |g 28.00 |o 302.2 RAN/FA |p KAU_HCV-20168 |r 2014-03-22 |w 2014-03-22 |y BK | ||